Noticias

Gespeichert in:
Bibliographische Detailangaben
Format: Buchkapitel
Sprache:Spanisch
Erschienen: Consejo Nacional de Educación
Katalog:BNM:  Suchergebnis im Bibliothekskatalog
Schulbuchspezifische Eigenschaften:
Schlagworte:
Online-Zugang:http://www.bnm.me.gov.ar/ebooks/reader/reader.php?mon=1&vt=n&dir=00150816&num_img=622&num_fin=624
http://www.bnm.me.gov.ar/giga1/monitor/monitor/293.pdf
Tags: Tag hinzufügen
Keine Tags, Fügen Sie den ersten Tag hinzu!
Hinzugefügt zu:19.10.2009
Geändert in:05.03.2022

MARC

LEADER 00000naa a22000004a 4500
003 AR-BaBNM
005 20220305064342.0
007 ta
007 cr |||||||||||
008 047020s1897 ag |||||||||||000 | spa||
035 |a 000139538 
040 |a AR-BaBNM  |b spa  |e aacr 
245 0 0 |a Noticias 
505 8 0 |t La primavera --  |t Comisiones revisoras de textos --  |t Boletín sanitario. 
600 1 4 |a Valdéz, Adolfo 
610 2 4 |a Cuerpo Médico Escolar (Argentina) 
650 4 |a Métodos de enseñanza  |9 9038  |a Publicaciones periódicas  |9 9732  |a Higiene escolar  |9 8314 
655 4 |a Libros de texto 
773 0 |t El Monitor de la Educación Común  |g Año 17, no. 293 (1897), p. 622-624  |d Buenos Aires : Consejo Nacional de Educación, 1897 
799 |a 17  |n 293  |f 1897 
856 4 0 |u http://www.bnm.me.gov.ar/ebooks/reader/reader.php?mon=1&vt=n&dir=00150816&num_img=622&num_fin=624 
856 |u http://www.bnm.me.gov.ar/giga1/monitor/monitor/293.pdf 
942 |2 udc  |c ANA 
997 |a PPHE  |a MONI  |a REPO 
998 |a REPOSITORIO 
999 |c 201493  |d 201493 
999 |c KOHA-OAI-TEST:201493  |d 201493